Standardisiertes Wörterbuch Tourismus
Guardado en:
| Autor principal: | |
|---|---|
| Formato: | Libro |
| Lenguaje: | alemán inglés francés |
| Publicado: |
Berlin :
Beuth,
2004
|
| Etiquetas: |
Sin Etiquetas, Sea el primero en etiquetar este registro!
|
MARC
| LEADER | 00000nam a22000003a 4500 | ||
|---|---|---|---|
| 001 | stu172913 | ||
| 005 | 20150617230022.3 | ||
| 008 | 081015s2004------------------------ger-d | ||
| 020 | |a 3-410-15785-9 | ||
| 040 | |a STU |b slo | ||
| 041 | 0 | |a ger |a eng |a fre | |
| 100 | 1 | |a Mühlbauer, Holger |4 aut | |
| 245 | 1 | |a Standardisiertes Wörterbuch Tourismus | |
| 260 | |a Berlin : |b Beuth, |c 2004 | ||
| 300 | |a 111 s | ||
| 996 | |b 284AU04034 |c A*6080 |l AA8180 |s P |a 0 |w stu172913_0001 | ||